000 00398nam a2200169Ia 4500
008 230524s9999 xx 000 0 und d
082 _bARO
100 _aSushma Arora
_942696
245 0 _aBusiness Laws
250 _a1
260 _aNew Delhi
_bTaxman
_c2016
300 _a303p;
500 _aQuantity Number: 1
650 _aManagement
700 _a Satyajit Dikshit
_942697
942 _cBK
999 _c57684
_d57684